[Event "2nd Gideon Japhet Mem Op"]
[Site "Jerusalem ISR"]
[Date "2014.07.17"]
[Round "2.7"]
[White "Kobo, Ori"]
[Black "Erenberg, Ariel"]
[Result "1/2-1/2"]
[WhiteTitle "FM"]
[WhiteElo "2308"]
[BlackElo "2131"]
[WhiteFideId "2812320"]
[BlackFideId "2811634"]
[EventDate "2014.07.16"]

1. d4 d5 2. c4 c6 3. Nf3 Nf6 4. Qb3 dxc4 5. Qxc4 Bg4 6. Nc3 Nbd7 7. e4 e5 8. Be3
Qa5 9. Nxe5 Nxe5 10. dxe5 Be6 11. Qd4 Nd7 12. O-O-O Bc5 13. Qd2 O-O 14. Be2 b5
15. Bxc5 Nxc5 16. Qe3 b4 17. Nb1 Bxa2 18. Nd2 Rab8 19. Bc4 Nd7 20. Nb3 Bxb3 21.
Bxb3 Nxe5 22. f4 Ng4 23. Qf3 Nf6 24. Kb1 Qa6 25. g4 c5 26. Rc1 Qc6 27. Rc4 a5
28. g5 Nd7 29. Rc2 a4 30. Bd5 Qc7 31. g6 hxg6 32. Rhc1 b3 33. Rc3 a3 34. bxa3
Qa5 35. Rxb3 c4 36. Rxc4 Qxa3 37. Rc7 Qa4 38. Qc3 Nb6 39. Rxf7 Rxf7 40. Bxf7+
Kxf7 41. Qc7+ Nd7 42. Rxb8 Qxe4+ 43. Kc1 Qe3+ 44. Kc2 Qe4+ 45. Kc3 Qe3+ 46. Kb2
Qd4+ 47. Kb3 Qd1+ 48. Ka2 Qa4+ 49. Kb2 Qd4+ 50. Kc2 Qe4+ 51. Kd2 Qd4+ 52. Ke2
Qe4+ 53. Kf2 Qd4+ 54. Kf3 Qd3+ 55. Kf2 Qd2+ 1/2-1/2

[Event "2nd Gideon Japhet Mem Op"]
[Site "Jerusalem ISR"]
[Date "2014.07.17"]
[Round "2.8"]
[White "Slonimskij, Arkadij"]
[Black "Zanan, Evgeny"]
[Result "0-1"]
[BlackTitle "FM"]
[WhiteElo "2207"]
[BlackElo "2283"]
[WhiteFideId "4113420"]
[BlackFideId "24101940"]
[EventDate "2014.07.16"]

1. d4 Nf6 2. c4 g6 3. Nc3 d5 4. cxd5 Nxd5 5. Bd2 Bg7 6. e4 Nxc3 7. Bxc3 O-O 8.
Nf3 Bg4 9. Be2 c5 10. d5 e6 11. Bxg7 Kxg7 12. O-O exd5 13. exd5 Qd6 14. Qb3 Bxf3
15. Bxf3 b6 16. Rfe1 Nd7 17. Rad1 Nf6 18. g3 Rfc8 19. Qe3 Re8 20. Qc3 b5 21. a4
a6 22. axb5 axb5 23. Ra1 Rxe1+ 24. Rxe1 c4 25. h4 h5 26. Qd4 Kg8 27. Re3 Re8 28.
b3 Rxe3 29. Qxe3 cxb3 30. Qxb3 b4 31. Qc4 Kf8 32. Qc8+ Ke7 33. Qb7+ Kf8 34. Qc8+
Ke7 35. Qb7+ Nd7 36. Be2 Kf6 37. Bb5 Ne5 38. Be8 Qe7 39. Qb6+ Kg7 40. Ba4 Nf3+
41. Kg2 Qe4 42. Kf1 Qd3+ 43. Kg2 Ne1+ 44. Kg1 Qxd5 45. Kf1 Nd3 46. Bc6 Qc4 47.
Bb5 Qc1+ 48. Ke2 Qc2+ 49. Kf3 Nc5 50. Kg2 b3 51. Ba4 Qe4+ 52. Kh2 Nxa4 53. Qxb3
Qd4 54. Kg1 Nc3 55. Qb7 Ne4 0-1

[Event "2nd Gideon Japhet Mem Op"]
[Site "Jerusalem ISR"]
[Date "2014.07.17"]
[Round "2.9"]
[White "Mindlin, Alon"]
[Black "Kraus, Yair"]
[Result "1-0"]
[WhiteElo "2280"]
[BlackElo "2102"]
[WhiteFideId "2800071"]
[BlackFideId "2804786"]
[EventDate "2014.07.16"]

1. d4 Nf6 2. c4 g6 3. Nc3 Bg7 4. e4 d6 5. f3 O-O 6. Be3 c5 7. Nge2 Qa5 8. Nc1
cxd4 9. Nb3 Qe5 10. Nxd4 Nc6 11. Nc2 Nh5 12. Bd3 Nf4 13. O-O f5 14. Bxf4 Qxf4
15. Nd5 Qh6 16. exf5 gxf5 17. f4 Kh8 18. Rf3 Bxb2 19. Rb1 Bd4+ 20. Nxd4 Nxd4 21.
Rh3 Qg7 22. Rg3 Qf7 23. Be2 e5 24. Bh5 Qd7 25. Qd2 b6 26. Re1 Nc6 27. fxe5 dxe5
28. Rxe5 Nxe5 29. Qc3 Qd6 30. Re3 Qh6 1-0

[Event "2nd Gideon Japhet Mem Op"]
[Site "Jerusalem ISR"]
[Date "2014.07.17"]
[Round "2.10"]
[White "Iskhakabeev, Alon"]
[Black "Reshef, Omer"]
[Result "0-1"]
[WhiteElo "2008"]
[BlackElo "2275"]
[WhiteFideId "2811901"]
[BlackFideId "2804336"]
[EventDate "2014.07.16"]

1. e4 c5 2. Nf3 d6 3. d4 cxd4 4. Nxd4 Nf6 5. Nc3 g6 6. Be3 Bg7 7. f3 O-O 8. Qd2
Nc6 9. Bc4 Bd7 10. O-O-O Ne5 11. Bb3 Rc8 12. h4 h5 13. Bh6 Nc4 14. Bxc4 Rxc4 15.
Bxg7 Kxg7 16. g4 Qa5 17. g5 Ne8 18. Nb3 Qa6 19. Kb1 Nc7 20. Qe3 Rc8 21. e5 Nb5
22. Nxb5 Qxb5 23. exd6 exd6 24. Rxd6 Bf5 25. Nd4 Qc5 26. Nxf5+ Qxf5 27. Qd3 Rxc2
28. Qxf5 gxf5 29. Rg1 R8c7 30. g6 f6 31. Rd5 R2c5 32. Rd4 Rc4 33. Rd5 Rf4 34.
Rg3 Rxh4 35. a3 Rf4 36. Rd3 h4 37. Rg2 h3 38. Rh2 Rh4 39. f4 Kxg6 40. Rdxh3 Rxh3
41. Rxh3 Rc4 42. Rh4 a5 43. b3 Rc3 44. Kb2 Rf3 45. a4 b6 46. Kc2 Re3 47. Kb2 Re4
48. Kc3 Rb4 49. Kc2 Kf7 50. Kc3 Ke6 51. Kb2 Kd5 52. Kc2 Ke4 53. Kc3 Kf3 0-1

[Event "2nd Gideon Japhet Mem Op"]
[Site "Jerusalem ISR"]
[Date "2014.07.17"]
[Round "2.11"]
[White "Kaspi, Alexander"]
[Black "Birnboim, Nathan"]
[Result "1/2-1/2"]
[WhiteTitle "IM"]
[BlackTitle "IM"]
[WhiteElo "2438"]
[BlackElo "2335"]
[WhiteFideId "2802910"]
[BlackFideId "2800209"]
[EventDate "2014.07.16"]

1. d4 Nf6 2. c4 g6 3. f3 c5 4. d5 e5 5. Nc3 d6 6. e4 Nh5 7. Be3 a6 8. Nge2 Nd7
9. Qd2 Rb8 10. g4 Ng7 11. h4 h5 12. g5 Be7 13. Nc1 f5 14. a3 O-O 15. b4 Qc7 16.
Nb3 fxe4 17. fxe4 Nb6 18. Na5 Bg4 19. Rc1 Nd7 20. Be2 Qc8 21. Na4 Bd8 22. bxc5
Nxc5 23. Nxc5 Bxe2 24. Kxe2 Bxa5 25. Qxa5 b6 26. Qxa6 Qg4+ 27. Kd3 bxc5 28. Qa4
Rf3 29. Rhf1 Nf5 30. Rxf3 Qxf3 31. exf5 e4+ 32. Kd2 Qg2+ 33. Ke1 Qh1+ 34. Kd2
Qg2+ 1/2-1/2

[Event "2nd Gideon Japhet Mem Op"]
[Site "Jerusalem ISR"]
[Date "2014.07.17"]
[Round "2.13"]
[White "Shimonovich, Yoav"]
[Black "Gamayev, Oleg"]
[Result "0-1"]
[WhiteElo "2102"]
[BlackElo "2181"]
[WhiteFideId "2809702"]
[BlackFideId "2802813"]
[EventDate "2014.07.16"]

1. e4 d6 2. Nc3 Nf6 3. f4 e5 4. Nf3 Nbd7 5. g3 Be7 6. Bg2 O-O 7. O-O c6 8. d3 b5
9. h3 Bb7 10. g4 Kh8 11. Kh1 Re8 12. Ne2 Bf8 13. Ng3 c5 14. g5 Ng8 15. f5 f6 16.
c4 Nb6 17. b3 a5 18. Nh5 a4 19. Rb1 axb3 20. axb3 Ra2 21. gxf6 gxf6 22. Nh4 Qe7
23. Rg1 Qf7 24. Bf3 Nh6 25. Qe1 Nc8 26. Rb2 Rxb2 27. Bxb2 Ne7 28. Bc1 Nexf5 29.
Bxh6 Nxh6 30. Qe3 bxc4 31. bxc4 Bc8 32. Bg4 Bxg4 33. hxg4 Nxg4 34. Rxg4 Qxh5 35.
Qg3 Bh6 36. Kg2 Bf4 37. Qh3 Ra8 38. Qf3 Rb8 39. Kf1 Bg5 40. Ke2 Qh6 41. Nf5 Qh2+
42. Rg2 Rb2+ 0-1

[Event "2nd Gideon Japhet Mem Op"]
[Site "Jerusalem ISR"]
[Date "2014.07.17"]
[Round "2.14"]
[White "Haimovich, Tal"]
[Black "Hochman, Elnatan"]
[Result "1-0"]
[WhiteTitle "IM"]
[WhiteElo "2369"]
[BlackElo "2010"]
[WhiteFideId "2801698"]
[BlackFideId "2813130"]
[EventDate "2014.07.16"]

1. d4 Nf6 2. c4 g6 3. Nc3 Bg7 4. e4 d6 5. Bd3 O-O 6. Nge2 c5 7. d5 e6 8. O-O
exd5 9. cxd5 a6 10. a4 b6 11. Bg5 h6 12. Bh4 Qc7 13. Rc1 Nbd7 14. b3 Ne5 15. Bb1
Bd7 16. f4 Neg4 17. Qd2 Nh7 18. h3 Ngf6 19. e5 dxe5 20. d6 Qb7 21. fxe5 Nh5 22.
Be4 Bc6 23. Bxc6 Qxc6 24. Nd5 Qb7 25. Be7 Bxe5 26. Bxf8 Nxf8 27. g4 Ng3 28. Ne7+
Kg7 29. Nxg3 Rd8 30. Rce1 Rxd6 31. Ngf5+ gxf5 32. Nxf5+ Kh7 33. Nxd6 1-0

[Event "2nd Gideon Japhet Mem Op"]
[Site "Jerusalem ISR"]
[Date "2014.07.17"]
[Round "2.15"]
[White "Axelrod, Arie"]
[Black "Poleg, Dan"]
[Result "1-0"]
[WhiteTitle "FM"]
[WhiteElo "2285"]
[BlackElo "1999"]
[WhiteFideId "2804867"]
[BlackFideId "2812398"]
[EventDate "2014.07.16"]

1. e4 e5 2. f4 Bc5 3. Nc3 d6 4. Nf3 Bg4 5. fxe5 dxe5 6. h3 Bxf3 7. Qxf3 Qh4+ 8.
g3 Qf6 9. Qxf6 Nxf6 10. g4 c6 11. a4 a5 12. Bc4 Na6 13. Rf1 O-O 14. d3 Nb4 15.
Kd1 Ne8 16. Bg5 Nc7 17. Kd2 Rae8 18. Rf5 h6 19. Bh4 g6 20. Rf3 Ne6 21. Raf1 Nf4
22. Bf6 Bd6 23. Nd1 Na6 24. d4 Ne6 25. dxe5 Bc7 26. Bxa6 bxa6 27. Rc3 Rb8 28.
Rxc6 Rb4 29. Nc3 Rxb2 30. Nd5 Bb8 31. Be7 Nd4 32. Rc4 Bxe5 33. Bxf8 Kxf8 34.
Rc8+ Kg7 35. Ne7 f6 36. Kd3 Ra2 37. Rb1 h5 38. Rb7 Kh6 39. h4 f5 40. Ng8# 1-0

[Event "2nd Gideon Japhet Mem Op"]
[Site "Jerusalem ISR"]
[Date "2014.07.17"]
[Round "2.16"]
[White "Gal, Moshe"]
[Black "Parkhov, Yair"]
[Result "1/2-1/2"]
[WhiteElo "2192"]
[BlackElo "1935"]
[WhiteFideId "2815630"]
[BlackFideId "2813408"]
[EventDate "2014.07.16"]

1. d4 Nf6 2. c4 e6 3. Nf3 Bb4+ 4. Bd2 a5 5. e3 O-O 6. Bd3 d5 7. a3 Be7 8. O-O b6
9. Qe2 Ne4 10. Nc3 Bb7 11. cxd5 exd5 12. Rac1 f5 13. Ne5 Bd6 14. f3 Nxc3 15.
Bxc3 Bxe5 16. dxe5 Nd7 17. Qc2 Qg5 18. f4 Qg6 19. Rf3 Nc5 20. Rg3 Qe6 21. Rg5
Nxd3 22. Qxd3 c5 23. b3 Rf7 24. Bb2 g6 25. Qd1 Kf8 26. Qe1 h6 27. Rg3 Ke7 28. b4
axb4 29. axb4 Ra2 30. Qc3 c4 31. b5 Kf8 32. Ba3+ Kg7 33. Ra1 Rxa1+ 34. Qxa1 Rc7
35. Bd6 Rf7 36. Qd4 Kh7 37. Qxb6 c3 38. Qc5 Qc8 39. Qxc8 Bxc8 40. Rf3 Rb7 41.
Rf1 Rxb5 42. Rc1 Rb3 43. Bc5 Kg8 44. Bd4 Ba6 45. Bxc3 Bd3 46. Bd4 Rb1 47. Rxb1
Bxb1 48. e6 Kf8 49. Bf6 Bd3 50. Kf2 Bc4 51. Ke1 Ke8 52. e7 Kf7 53. Kd2 Bb5 54.
Bh4 g5 55. fxg5 Kxe7 56. gxh6+ Kf7 57. Bg5 Bf1 58. g3 Kg6 59. Kc3 Bg2 60. Kd4
Be4 61. Ke5 Kh7 62. Bf4 Kg6 63. Ke6 Kh7 64. Kf6 Bd3 65. h4 Bc2 66. Ke6 Be4 67.
Ke5 Kg6 68. h5+ Kh7 69. Ke6 Kg8 70. Kf6 Kh7 71. Kg5 Bd3 72. Be5 Be4 73. Bg7 Bd3 1/2-1/2

[Event "2nd Gideon Japhet Mem Op"]
[Site "Jerusalem ISR"]
[Date "2014.07.17"]
[Round "2.17"]
[White "Zlatin, Alexander"]
[Black "Poleg, Matan"]
[Result "1-0"]
[WhiteElo "1933"]
[BlackElo "2157"]
[WhiteFideId "2810549"]
[BlackFideId "2811472"]
[EventDate "2014.07.16"]

1. e4 e5 2. Nf3 Nc6 3. Bc4 Bc5 4. c3 Nf6 5. d3 d6 6. Nbd2 O-O 7. Bb3 h6 8. h3
Be6 9. Nf1 Bb6 10. Ng3 Qd7 11. Nh4 d5 12. Qf3 dxe4 13. dxe4 Rad8 14. Bc2 Nh7 15.
Nhf5 Ne7 16. O-O Nxf5 17. Nxf5 Kh8 18. Qg3 Bxf5 19. exf5 Rfe8 20. Kh1 Nf6 21.
Qh4 Ng8 22. f6 Qe6 23. fxg7+ Kxg7 24. Qe4 Qg6 25. Qe2 e4 26. b3 Nf6 27. Bb2 Kg8
28. Rad1 Rxd1 29. Rxd1 Nh5 30. Bc1 Qf5 31. Be3 Nf6 32. c4 Bxe3 33. Qxe3 a6 34.
Kg1 Qg5 35. Re1 Qa5 36. a3 Qxa3 37. Qxh6 Qb2 38. Re3 Ng4 39. Rg3 f5 40. hxg4 f4
41. Qg6+ Kf8 42. Rh3 f3 43. Qf5+ Kg8 44. Qh7+ 1-0

[Event "2nd Gideon Japhet Mem Op"]
[Site "Jerusalem ISR"]
[Date "2014.07.17"]
[Round "2.18"]
[White "Gershkowich, David"]
[Black "Altshul, Limor"]
[Result "1-0"]
[WhiteTitle "FM"]
[WhiteElo "2146"]
[BlackElo "1918"]
[WhiteFideId "2803356"]
[BlackFideId "2812550"]
[EventDate "2014.07.16"]

1. e4 c5 2. Nf3 d6 3. d4 cxd4 4. Nxd4 Nf6 5. Nc3 a6 6. Bg5 e6 7. f4 Nbd7 8. Qe2
Be7 9. e5 dxe5 10. fxe5 Nd5 11. Bxe7 Nxc3 12. Bxd8 Nxe2 13. Bxe2 Kxd8 14. O-O-O
Ke7 15. Nf3 b6 16. Rd4 Bb7 17. Re1 Rac8 18. b4 Rc3 19. Rc4 Rxc4 20. Bxc4 Rc8 21.
Bd3 h6 22. a4 Nb8 23. Kb2 Bd5 24. c3 a5 25. Nd4 Nd7 26. g3 Ra8 27. Bb5 Rc8 28.
Bd3 Bc4 29. Bc2 Nb8 30. Be4 Rd8 31. Rd1 Ke8 32. Ka3 Bd5 33. Bd3 Ke7 34. bxa5
bxa5 35. Rb1 Rc8 36. c4 Bxc4 37. Rxb8 Rxb8 38. Nc6+ Kf8 39. Bxc4 Ra8 40. Kb3 Ke8
41. Bb5 Kf8 42. Kc4 f6 43. Kc5 Kf7 44. Kd6 h5 45. Bc4 fxe5 46. Nxe5+ Kf6 47.
Bxe6 g5 48. Bd7 Rb8 49. Bb5 h4 50. Nd7+ 1-0

[Event "2nd Gideon Japhet Mem Op"]
[Site "Jerusalem ISR"]
[Date "2014.07.17"]
[Round "2.19"]
[White "Vaisberg, Michael"]
[Black "Yerushalmi, Eran"]
[Result "1-0"]
[WhiteElo "2122"]
[BlackElo "1902"]
[WhiteFideId "2814315"]
[BlackFideId "2814285"]
[EventDate "2014.07.16"]

1. d4 e6 2. c4 d5 3. Nf3 c5 4. cxd5 exd5 5. g3 Nc6 6. Bg2 Nf6 7. O-O Be7 8. Nc3
O-O 9. dxc5 d4 10. Nb5 Bxc5 11. Bg5 a6 12. Na3 h6 13. Bxf6 Qxf6 14. Nd2 Bxa3 15.
bxa3 Bf5 16. Qb3 Qe7 17. Rfe1 Rfd8 18. Rac1 Be6 19. Qb2 Bd5 20. Bxd5 Rxd5 21. a4
Rad8 22. Nf3 Ne5 23. Nxe5 Rxe5 24. Qd2 Qd7 25. Rc4 h5 26. Rd1 Rd5 27. Qf4 Qd6
28. Qxd6 R8xd6 29. Rc8+ Kh7 30. Rc7 Rd7 31. Rxd7 Rxd7 32. Kg2 Kg6 33. Kf3 Kf5
34. Rc1 d3 35. e4+ Ke5 36. Ke3 g5 37. f4+ gxf4+ 38. gxf4+ Ke6 39. Rd1 Rc7 40.
Rxd3 Rc2 41. Rd2 Rc3+ 42. Rd3 Rc2 43. f5+ Ke7 44. Rd2 Rc4 45. Rb2 Rxa4 46. Rxb7+
Kf6 47. Kf4 Kg7 48. Rb2 Kf6 49. h4 Kg7 50. Re2 Kf6 51. Rg2 a5 52. Rb2 Kg7 53.
Ke5 Rc4 54. Rg2+ Kh6 55. Kd5 Rb4 56. e5 Rb5+ 57. Kd6 Rb6+ 58. Ke7 Rb7+ 59. Kf6
Rb4 1-0

[Event "2nd Gideon Japhet Mem Op"]
[Site "Jerusalem ISR"]
[Date "2014.07.17"]
[Round "2.20"]
[White "Klar, Nir"]
[Black "Shohat, Yotam"]
[Result "0-1"]
[WhiteElo "2064"]
[BlackElo "1880"]
[WhiteFideId "2808471"]
[BlackFideId "2813955"]
[EventDate "2014.07.16"]

1. e4 c5 2. b3 Nf6 3. Nc3 Nc6 4. Bb2 d5 5. exd5 Nxd5 6. Bc4 Nf4 7. Qf3 e5 8.
Nge2 Ne6 9. O-O Be7 10. Nd5 O-O 11. Rfe1 Bd6 12. c3 Kh8 13. d4 f5 14. Qd3 e4 15.
Qd1 f4 16. dxc5 Nxc5 17. Nd4 Ne5 18. f3 Qg5 19. Ba3 b5 20. Bf1 exf3 21. Nxf3
Nxf3+ 22. Qxf3 Bg4 23. h4 Qf5 24. Qf2 Qxd5 25. c4 bxc4 26. Bxc4 Qc6 27. Qd4 f3
28. Qxg4 f2+ 29. Kh1 0-1

[Event "2nd Gideon Japhet Mem Op"]
[Site "Jerusalem ISR"]
[Date "2014.07.18"]
[Round "3.1"]
[White "Reshef, Omer"]
[Black "Gindi, Shachar"]
[Result "1-0"]
[WhiteElo "2275"]
[BlackElo "2319"]
[WhiteFideId "2804336"]
[BlackFideId "2804182"]
[EventDate "2014.07.16"]

1. e4 e5 2. Nf3 Nc6 3. Nc3 g6 4. d4 exd4 5. Nd5 Bg7 6. Bg5 Nce7 7. Nxd4 c6 8.
Nxe7 Nxe7 9. c3 h6 10. Bh4 O-O 11. Bc4 d5 12. exd5 g5 13. Bg3 Nxd5 14. O-O Bd7
15. Bxd5 cxd5 16. Qf3 Be6 17. Rae1 Qd7 18. Be5 Rae8 19. Bxg7 Kxg7 20. Qg3 Qd8
21. Re3 Bd7 22. Rfe1 Rxe3 23. Rxe3 Re8 24. Qd6 Rxe3 25. fxe3 Qe8 26. Kf2 Be6 27.
Qe5+ Kg6 28. Qc7 Qa4 29. a3 Qa6 30. h3 h5 31. Qb8 g4 32. h4 f6 33. Ne2 Qb6 34.
b4 Kg7 35. Nd4 Bd7 36. Kg1 a5 37. Kh2 axb4 38. axb4 Kf7 39. Kg1 Qa6 40. Qc7 Ke8
41. Kh2 b5 42. Qf4 Qa1 43. Qxf6 Qxc3 44. Qh8+ Kf7 1-0

[Event "2nd Gideon Japhet Mem Op"]
[Site "Jerusalem ISR"]
[Date "2014.07.18"]
[Round "3.2"]
[White "Zanan, Evgeny"]
[Black "Malisov, Boris"]
[Result "1/2-1/2"]
[WhiteTitle "FM"]
[WhiteElo "2283"]
[BlackElo "2264"]
[WhiteFideId "24101940"]
[BlackFideId "2802503"]
[EventDate "2014.07.16"]

1. e4 c5 2. Nf3 g6 3. c3 Bg7 4. d4 Qa5 5. dxc5 Qxc5 6. Be3 Qc7 7. Na3 Nc6 8. Nb5
Qb8 9. Qd2 Nf6 10. Bd3 Ng4 11. Bf4 d6 12. h3 Nge5 13. Nxe5 Nxe5 14. Be2 Bd7 15.
Bh6 O-O 16. Bxg7 Kxg7 17. O-O Bxb5 18. Bxb5 Qc7 19. Qd4 g5 20. Be2 f6 21. g3 a5
22. Rad1 Rac8 23. Qd5 b6 24. Qe6 Qd7 25. Qxd7 Nxd7 26. Bg4 Rc7 27. Bxd7 Rxd7 28.
Rd5 Rc8 29. Rb5 Rb7 30. Rd1 Kf7 31. Kg2 Rc5 32. Rd5 e6 33. Rdxc5 dxc5 34. Kf3 h5 1/2-1/2

[Event "2nd Gideon Japhet Mem Op"]
[Site "Jerusalem ISR"]
[Date "2014.07.18"]
[Round "3.3"]
[White "Mindlin, Alon"]
[Black "Zaltz, Dov"]
[Result "1/2-1/2"]
[WhiteElo "2280"]
[BlackElo "2254"]
[WhiteFideId "2800071"]
[BlackFideId "2800578"]
[EventDate "2014.07.16"]

1. d4 Nf6 2. c4 g6 3. Nc3 Bg7 4. e4 d6 5. f3 O-O 6. Be3 Nbd7 7. Nge2 c5 8. d5
Ne5 9. Ng3 e6 10. Be2 exd5 11. cxd5 a6 12. a4 Bd7 13. O-O b5 14. h3 Nc4 15. Bxc4
bxc4 16. Qe2 Qa5 17. e5 Ne8 18. f4 dxe5 19. Nge4 Rc8 20. fxe5 Bxe5 21. Bh6 Bg7
22. Bxg7 Kxg7 23. Qxc4 h6 24. Qe2 f5 25. Nd2 c4 26. Kh1 Qc5 27. Rae1 Nd6 28.
Qe5+ Kh7 29. Nxc4 Nxc4 30. Qe7+ Qxe7 31. Rxe7+ Kg8 32. Rxd7 Nxb2 33. Rb1 Rxc3
34. Rxb2 Rf7 35. Rb8+ Kg7 36. Rxf7+ Kxf7 37. Rb7+ Kf6 38. Rb6+ Kg5 39. Rxa6 Rd3
40. d6 Rd4 41. a5 Rd5 42. Kh2 h5 43. Kg3 1/2-1/2

[Event "2nd Gideon Japhet Mem Op"]
[Site "Jerusalem ISR"]
[Date "2014.07.18"]
[Round "3.4"]
[White "Huzman, Alexander"]
[Black "Zisman, Philip"]
[Result "1-0"]
[WhiteTitle "GM"]
[WhiteElo "2589"]
[BlackElo "2232"]
[WhiteFideId "2803828"]
[BlackFideId "2805197"]
[EventDate "2014.07.16"]

1. Nf3 d5 2. d4 Nf6 3. c4 c6 4. Qb3 Qb6 5. Nc3 Qxb3 6. axb3 e6 7. c5 Nbd7 8. b4
Ne4 9. Bf4 Nxc3 10. bxc3 f6 11. e3 Kf7 12. c4 a6 13. cxd5 cxd5 14. Be2 Be7 15.
O-O Nf8 16. Rfb1 Ng6 17. b5 e5 18. Bg3 Bf5 19. Rc1 axb5 20. Bxb5 e4 21. Nd2 Be6
22. Nb3 f5 23. Na5 Ra7 24. Bc7 f4 25. exf4 Bf6 26. Bb6 Raa8 27. g3 Bxd4 28. Ra4
Bf6 29. Nxb7 Rxa4 30. Bxa4 Bd4 31. Rd1 Bc3 32. f5 Bxf5 33. Nd6+ Ke6 34. Nxf5
Kxf5 35. Rxd5+ Ne5 36. c6 Ke6 37. Bb3 Ke7 38. c7 Nd7 39. Bc5+ 1-0

[Event "2nd Gideon Japhet Mem Op"]
[Site "Jerusalem ISR"]
[Date "2014.07.18"]
[Round "3.5"]
[White "Erenberg, Ariel"]
[Black "Soffer, Ram"]
[Result "0-1"]
[BlackTitle "GM"]
[WhiteElo "2131"]
[BlackElo "2447"]
[WhiteFideId "2811634"]
[BlackFideId "2800101"]
[EventDate "2014.07.16"]

1. Nf3 c5 2. c4 Nc6 3. d4 cxd4 4. Nxd4 e6 5. a3 Nf6 6. Nc3 Bc5 7. Nb3 Be7 8. e4
O-O 9. Be3 b6 10. f4 d6 11. Be2 Ba6 12. Rc1 Rc8 13. O-O Re8 14. Nd2 d5 15. e5 d4
16. exf6 dxe3 17. fxe7 Qxd2 18. Qa4 Nd4 19. Qxa6 Nxe2+ 20. Nxe2 Qxe2 21. Qb7
Qxb2 22. Qxa7 Qd4 23. Kh1 Rxc4 24. Rb1 h6 25. Rfd1 Qf6 26. Qxb6 e2 27. Rd8 Qxe7
28. Rxe8+ Qxe8 29. Qe3 Qc6 30. Re1 Re4 31. Qf2 Qd5 32. Kg1 Qd2 33. g3 f5 34. Kg2
g5 35. fxg5 hxg5 36. h3 Re3 37. a4 Qd5+ 38. Kh2 Qe5 39. a5 f4 40. gxf4 Qxf4+ 41.
Qxf4 gxf4 42. a6 Kf7 43. a7 Ra3 44. Rxe2 Kf6 45. Rb2 Rxa7 46. Kg2 Rg7+ 47. Kf3
Kf5 48. Rb5+ e5 49. Rb8 Rg3+ 50. Ke2 Rxh3 51. Rb5 Re3+ 52. Kf2 Rd3 53. Ke2 Ra3
54. Rc5 f3+ 55. Kf2 Kf4 56. Rc8 Ra2+ 57. Kf1 e4 58. Rc4 Kg3 0-1

[Event "2nd Gideon Japhet Mem Op"]
[Site "Jerusalem ISR"]
[Date "2014.07.18"]
[Round "3.6"]
[White "Battaglini, Gabriel"]
[Black "Bakalchuk, Johnatan"]
[Result "1-0"]
[WhiteTitle "IM"]
[WhiteElo "2430"]
[BlackElo "2273"]
[WhiteFideId "621650"]
[BlackFideId "2810301"]
[EventDate "2014.07.16"]

1. e4 c5 2. f4 Nc6 3. Nf3 g6 4. d3 Bg7 5. c3 d5 6. Be2 dxe4 7. dxe4 Qxd1+ 8.
Bxd1 Nf6 9. Nbd2 e5 10. Nxe5 Nxe5 11. fxe5 Ng4 12. Bxg4 Bxg4 13. h3 Bd7 14. Nc4
O-O 15. Bf4 Rfe8 16. O-O-O Bc6 17. Rhe1 b6 18. h4 Re6 19. g4 Bb5 20. Ne3 Bxe5
21. Bxe5 Rxe5 22. Nd5 Bc6 23. Nf6+ Kg7 24. g5 h6 25. Rd6 hxg5 26. Rxc6 gxh4 27.
Rf1 h3 28. Rc7 Rf8 29. Rd7 Rg5 30. Rd2 Rh8 31. Nd5 h2 32. Rh1 Rg1+ 33. Rd1 Rg4
34. Kc2 Rxe4 35. Rd2 Reh4 36. Ne3 f5 37. Rf2 Re4 38. Nd1 Reh4 39. Ne3 Re4 40.
Nd1 Reh4 41. Rg2 Kf6 42. Ne3 g5 43. Nf1 g4 44. Kd3 Rd8+ 45. Ke2 f4 46. Rgxh2
Rxh2+ 47. Nxh2 Kf5 48. Nf1 g3 49. Nd2 Kg4 50. Rh7 f3+ 51. Ke3 Re8+ 52. Kd3 Rd8+
53. Ke3 Re8+ 54. Kd3 f2 55. Rg7+ Kh3 56. Nf1 c4+ 57. Kxc4 Re4+ 58. Kd3 Rg4 59.
Rxg4 Kxg4 60. Ke3 b5 61. a3 g2 62. Kxf2 gxf1=Q+ 63. Kxf1 Kf3 64. Ke1 Ke3 65. Kd1
Kd3 66. Kc1 a5 67. Kb1 Kc4 68. a4 bxa4 69. Kc2 a3 70. b3+ Kd5 71. Kb1 Ke4 72.
Ka2 Kd3 73. c4 Kd4 74. Kxa3 Kc5 75. Ka4 Kb6 76. c5+ Kxc5 77. Kxa5 Kc6 78. b4 Kc7
79. Ka6 Kb8 80. b5 Ka8 81. b6 1-0

[Event "2nd Gideon Japhet Mem Op"]
[Site "Jerusalem ISR"]
[Date "2014.07.18"]
[Round "3.7"]
[White "Birnboim, Nathan"]
[Black "Gukhvat, Peter"]
[Result "1-0"]
[WhiteTitle "IM"]
[WhiteElo "2335"]
[BlackElo "2255"]
[WhiteFideId "2800209"]
[BlackFideId "2805090"]
[EventDate "2014.07.16"]

1. Nf3 Nf6 2. c4 c5 3. g3 g6 4. Bg2 Bg7 5. O-O O-O 6. Nc3 Nc6 7. d3 e5 8. a3 d6
9. Rb1 a5 10. Ne1 Be6 11. Nd5 a4 12. e3 Nd7 13. Nc3 f5 14. Nxa4 e4 15. b3 Nf6
16. Bb2 b5 17. cxb5 Na5 18. Bxf6 Bxf6 19. dxe4 fxe4 20. Bxe4 d5 21. Nxc5 1-0

[Event "2nd Gideon Japhet Mem Op"]
[Site "Jerusalem ISR"]
[Date "2014.07.18"]
[Round "3.8"]
[White "Gamayev, Oleg"]
[Black "Kobo, Ori"]
[Result "0-1"]
[BlackTitle "FM"]
[WhiteElo "2181"]
[BlackElo "2308"]
[WhiteFideId "2802813"]
[BlackFideId "2812320"]
[EventDate "2014.07.16"]

1. d3 c5 2. e4 Nc6 3. Nf3 g6 4. Be2 Bg7 5. c3 Nf6 6. a4 O-O 7. O-O d5 8. exd5
Nxd5 9. Re1 Qc7 10. Bf1 b6 11. Nbd2 Bb7 12. Nb3 a5 13. Nbd2 Rfd8 14. Nc4 h6 15.
Qb3 Rab8 16. Bd2 e6 17. Rad1 Ba8 18. Bc1 Kh8 19. Na3 Qe7 20. Nb5 Qf6 21. Qc4 Bb7
22. Na3 Re8 23. Nc2 Rbd8 24. Qb3 Qe7 25. Na3 Qd7 26. Nc4 Qc7 27. Na3 e5 28. Nb5
Qd7 29. Nd2 Rb8 30. Nc4 Re6 31. Be2 Nce7 32. Bf1 Bc6 33. Nca3 Nf5 34. Qc4 Kh7
35. Be2 Qd8 36. Nc2 Bf6 37. Qg4 Bg5 38. Bxg5 hxg5 39. Bf1 Kg7 40. d4 cxd4 41.
cxd4 e4 42. Bc4 Bxb5 43. Bxb5 Rc8 44. Na3 e3 45. Rd3 exf2+ 46. Kxf2 Rxe1 47.
Kxe1 Nf4 48. Rd2 Qe7+ 49. Re2 Qb4+ 50. Kd1 Qxd4+ 51. Rd2 Qg1+ 0-1

[Event "2nd Gideon Japhet Mem Op"]
[Site "Jerusalem ISR"]
[Date "2014.07.18"]
[Round "3.9"]
[White "Gershkowich, David"]
[Black "Gruenfeld, Yehuda"]
[Result "1/2-1/2"]
[WhiteTitle "FM"]
[BlackTitle "GM"]
[WhiteElo "2146"]
[BlackElo "2449"]
[WhiteFideId "2803356"]
[BlackFideId "2800020"]
[EventDate "2014.07.16"]

1. e4 c5 2. Nf3 e6 3. c3 d5 4. exd5 exd5 5. d4 Nc6 6. Bb5 Bd6 7. O-O Ne7 8. dxc5
Bxc5 9. Nbd2 O-O 10. Nb3 Bb6 11. Bd3 h6 12. h3 Nf5 13. Bf4 Qf6 14. Qd2 Be6 15.
Rfe1 Rad8 16. Ne5 Nd6 17. Nxc6 bxc6 18. Be5 Qh4 19. Nd4 Nc4 20. Bxc4 dxc4 21.
Qe2 Bd5 22. Nf5 Qg5 23. Qg4 Qxg4 24. hxg4 f6 25. Bd6 Rfe8 26. Be7 Rd7 27. Ba3
Re4 28. Rxe4 Bxe4 29. Nd6 Bd3 30. Nc8 Be2 31. Nxb6 axb6 32. f3 c5 33. b4 cxb3
34. axb3 Rd3 35. Kf2 Bd1 36. b4 c4 37. b5 Bb3 38. Bb4 Rd5 39. Ra8+ Kh7 40. Ra7
Rxb5 41. Rb7 Rd5 42. Bf8 Rd8 43. Be7 Rd2+ 44. Ke1 Rd1+ 45. Ke2 Kg8 46. Bb4 Ra1
47. Rxb6 Ra2+ 48. Kf1 Ra7 49. Rb8+ Kh7 50. Kf2 Bc2 51. Re8 Bd3 52. Re7 Ra2+ 53.
Kg1 Ra8 54. Rc7 Kg6 55. Kf2 Rg8 56. Bc5 h5 57. gxh5+ Kxh5 58. Bd4 Kg6 59. Bc5
Ra8 60. Ra7 Rc8 61. Bb4 Kh7 62. Kg3 Kg8 63. Kf4 Re8 64. Re7 Ra8 65. Rc7 Ra2 66.
g4 g5+ 67. Kg3 Re2 68. Re7 Rc2 69. f4 gxf4+ 1/2-1/2